Analýza finančno-ekonomickej výkonnosti podniku

Uložené v:
Podrobná bibliografia
Hlavný autor: Zalai, Karol
Ďalší autori: Tučníková, Daniela
Médium: Kapitola
Jazyk:English
Predmet:
Tagy: Pridať tag
Žiadne tagy, Buďte prvý, kto otaguje tento záznam!

MARC

LEADER 00000naa$a2200000$$$4500
001 0278448
005 20240502074327.9
041 0 |a eng 
044 |a SK 
245 1 0 |a Analýza finančno-ekonomickej výkonnosti podniku  |c Karol Zalai, Daniela Tučníková 
610 2 0 |a podnik 
610 2 0 |a analýza finančná 
610 2 0 |a analýza ekonomická 
100 1 |a Zalai, Karol 
700 1 |a Tučníková, Daniela